Teuerste Transfers des 1.FC Köln (Verkäufe) - Statistiken

Allgemein
  • Dieses Quiz wurde 143 mal gespielt
  • Das Durchschnittsergebnis liegt bei 9 aus 14
Antwortstatistiken
Saison Ablöse in Mio Neuer Verein Spieler % Korrekt
18/19 29 TJ Tianhai Anthony Modeste
96%
17/18 5,7 (L) TJ Quanjian Anthony Modeste
96%
22/23 5,1 Dortmund Anthony Modeste
96%
12/13 15 Arsenal Lukas Podolski
96%
06/07 10 Bayern Lukas Podolski
96%
22/23 5 Dortmund Salih Özcan
75%
20/21 15 Hertha Jhon Córdoba
69%
21/22 13,5 Wolfsburg Sebastiaan Bornauw
63%
16/17 13 Wolfsburg Yannick Gerhardt
62%
21/22 6,5 Monaco Ismail Jakobs
59%
19/20 6 Amiens SC Serhou Guirassy
43%
15/16 6 Tottenham Kevin Wimmer
40%
90/91 7,8 Juventus Thomas Häßler
23%
18/19 6 Hoffenheim Leo Bittencourt
22%
Keine übereinstimmenden Quizze gefunden
Verteilung der Resultate
Anzahl Personen mit jedem Resultat
Perzentil nach korrekt beantworteten Fragen
Ihre Resultats-Entwicklung
Sie haben dieses Quiz noch nicht gespielt